Score 0/20 Timer 03:00
0 Plays Today
Hint Answer % Correct
Let's Go _____ a KiteFly
95.8%
A _____ of SugarSpoonful
93.2%
_____ _____ Cher-eeChim
87.1%
_____ the BirdsFeed
79.4%
_____ Can HappenAnything
70%
Being Mrs. _____Banks
63%
_____ in TimeStep
58.8%
The Life I _____Lead
58.3%
I Love to _____Laugh
53.5%
_____ HolidayJolly
52.7%
Hint Answer % Correct
_____ AwakeStay
48.8%
Cherry Tree _____Lane
47.4%
The _____ NannyPerfect
43.7%
_____ PerfectPractically
40.4%
_____ SuffragetteSister
39.1%
Good for _____Nothing
24%
_____ Fiduciary BankFidelity
20.9%
A Man Has _____Dreams
18.2%
_____ and TreacleBrimstone
13.4%
Precision and _____Order
11.4%

Today's Daily Dose

Remove Ads.
Support Sporcle.
Get the best of Sporcle when you Go Orange. This ad-free experience offers more features, more stats, and more fun while also helping to support Sporcle. Thank you for becoming a member.

You're not logged in!

Compare scores with friends on all Sporcle quizzes.
OR
Log In

Show Comments

Extras

Top Quizzes Today


Score Distribution

Your Account Isn't Verified!

In order to create a playlist on Sporcle, you need to verify the email address you used during registration. Go to your Sporcle Settings to finish the process.

Report this User

Report this user for behavior that violates our Community Guidelines.

Details: